000 00813nam a2200253 a 4500
001 BRCA_4653
005 20190320204742.0
008 290910s1999----sp-#######---#000-0#spa-#
020 _a8488333323
040 _aspa
041 _asp
050 4 _aPQ6279
_b.G85 1999
100 1 _aGuijarro Ceballos, Javier
_911775
245 1 0 _aFloriseo
_b(Valencia, Diego de Gumiel, 1516) : guía de lectura
_cpor Javier Guijarro Ceballos.
260 _aAlcalá de Henares [España]
_bCentro de Estudios Cervantinos
_c1999
300 _a92 p.
_c24 cm.
440 0 _aGuías de lectura caballeresca
_v10
_911776
500 _aIncluye índice genaral de la colección
504 _aBibliografía: p. [87]
650 1 4 _aLiteratura
_zEspaña
_911777
650 1 4 _aLiteratura colonial
_911778
902 _aCERV
942 _2lcc
_cB
999 _c4354
_d4354